Score 0/13 Timer 02:00
0 Plays Today
Clue 4-Letter Rung % Correct
Baseball gloveMITT
91.7%
TV's 'Nick at ___'NITE
90.5%
VaporMIST
90%
Young ladyMISS
89.8%
Hershey's treatKISS
88.5%
Tiny pestMITE
87.8%
Au, periodicallyGOLD
77.9%
A flat, sharp, e.g.NOTE
77.2%
GapHOLE
75.5%
Casual refusalNOPE
74.4%
Telephone buttonHOLD
71.2%
Desire; wishHOPE
69.6%
Correct or properGOOD
62.9%

Today's Daily Dose

Missing Word
Train Books

Word Ladder
Piano Man

Quick Pick
Google Products

Get the Picture
Moana or Coco

Remove Ads.
Support Sporcle.
Get the best of Sporcle when you Go Orange. This ad-free experience offers more features, more stats, and more fun while also helping to support Sporcle. Thank you for becoming a member.

You're not logged in!

Compare scores with friends on all Sporcle quizzes.
OR
Log In

Show Comments

Extras

Top Quizzes Today


Score Distribution

Your Account Isn't Verified!

In order to create a playlist on Sporcle, you need to verify the email address you used during registration. Go to your Sporcle Settings to finish the process.

Report this User

Report this user for behavior that violates our Community Guidelines.

Details: